000
00207 a2200097 4500
020
_a
9789992476192
041
_a
spa
100
_a
Chamorro, Alonso
245
_a
34 pasos para construir tu futuro
942
_c
BK
999
_c
31972
_d
31970